00733nam a2200217Ia 4500003000900000008004100009020001800050040001600068080001300084100002700097245014000124260003100264300001500295650003400310650001900344650001100363650002000374942000700394999001500401952009900416IN-BaIIA211028s9999 xx 000 0 eng d a0-407-00055-0 cIIA Library a535bOBS aObstfeld, Henri910227 0aOptics in Visionbfoundations of visual optics and associated computationscHenri Obstfeld  aLondonbButterworthsc1978 axii, 327p. aLight-Visible Radiation92024 aNASA Thesaurus aOptics aPhysical Optics cBK c5902d5902 00104070aBANbBANcGENd1978-08-18l0o535/ OBSp6598r2021-11-05w1978-08-18yBKG£ 10.50